Trenerzy Mistrzów Polski w XXI wieku - Statystyki

Ogólne statystyki
  • Ten quiz został rozwiązany 157 razy
    84 od ostatniego zresetowania
  • Średni wynik to 17 z 25
Statystyki odpowiedzi
Sezon Klub Trener % Poprawnych
2022/23 Raków Częstochowa Marek Papszun
97%
2023/24 Jagiellonia Białystok Adrian Siemieniec
90%
2018/19 Piast Gliwice Waldemar Fornalik
88%
2007/08 Wisła Kraków Maciej Skorża
83%
2008/09 Wisła Kraków Maciej Skorża
83%
2014/15 Lech Poznań Maciej Skorża
83%
2021/22 Lech Poznań Maciej Skorża
83%
2013/14 Legia Warszawa Jan Urban | Henning Berg
82%
2016/17 Legia Warszawa Besnik Hasi | Jacek Magiera
81%
2017/18 Legia Warszawa Jacek Magiera | Romeo Jozak | Dean Klafuric
79%
2012/13 Legia Warszawa Jan Urban
76%
2015/16 Legia Warszawa Henning Berg | Stanisław Czerczesow
72%
2000/01 Wisła Kraków Orest Lenczyk | Adam Nawałka
72%
2020/21 Legia Warszawa Czesław Michniewicz
71%
2006/07 Zagłębie Lubin Edward Klejndinst | Czesław Michniewicz
71%
2011/12 Śląsk Wrocław Orest Lenczyk
61%
2019/20 Legia Warszawa Aleksandar Vukovic
58%
2024/25 Lech Poznań Niels Frederiksen
56%
2002/03 Wisła Kraków Henryk Kasperczak
54%
2003/04 Wisła Kraków Henryk Kasperczak
54%
2004/05 Wisła Kraków Henryk Kasperczak | Verner Licka
54%
2009/10 Lech Poznań Jacek Zieliński
54%
2010/11 Wisła Kraków Robert Maaskant
39%
2005/06 Legia Warszawa Dariusz Wdowczyk
25%
2001/02 Legia Warszawa Dragomir Okuka
25%
Nie znaleziono quizów pasujących do podanych kryteriów
Rozkład punktacji
Procent ludzi z każdym wynikiem
Percentyl według liczby udzielonych odpowiedzi
Twoja historia wyników
Nie rozwiązałeś tego quizu od ostatniego zresetowania